|
|
|
|
| LEADER |
01401ppm a22003258a 4500 |
| 001 |
00027121 |
| 005 |
20171026081025.0 |
| 008 |
111006s2009 ||||||viesd |
| 041 |
0 |
# |
|a vie
|
| 082 |
1 |
4 |
|b A107H
|a 398.209 597
|
| 100 |
1 |
# |
|a Trần, Thị Mộng Trinh
|
| 245 |
1 |
0 |
|a Ảnh hưởng của tư duy thần thoại trong truyền thuyết và truyện cổ tích
|b Khóa luận tốt nghiệp : Ngành Sư phạm ngữ văn: Trình độ : Cao đẳng
|c Trần Thị Mộng Trinh; Trần Minh Hường hướng dẫn
|
| 260 |
# |
# |
|a Đồng Tháp
|b Trường Đại học Đồng Tháp
|c 2009
|
| 300 |
# |
# |
|a 69 tr.
|c 30 cm.
|e 1 bản tóm tắt
|b minh họa
|
| 500 |
# |
# |
|a ĐTTTS ghi: Bộ Giáo dục và Đào tạo. Trường Đại học Đồng Tháp
|
| 502 |
# |
# |
|a Thư mục : tr.64 - 66
|
| 650 |
|
|
|a Văn học dân gian
|z Việt Nam
|
| 653 |
# |
# |
|a Thần thoại
|
| 653 |
# |
# |
|a Ảnh hưởng
|
| 653 |
# |
# |
|a Tư duy
|
| 653 |
# |
# |
|a Truyện cổ tích
|
| 653 |
# |
# |
|a Truyền thuyết
|
| 700 |
1 |
# |
|a Trần, Minh Hường
|e hướng dẫn
|
| 852 |
# |
# |
|j KD.0011732
|j KD.0013962
|
| 852 |
# |
# |
|b Kho đọc
|j KD.0011732, KD.0013962
|
| 910 |
# |
# |
|a Ntuyet
|d 06/10/2011
|
| 980 |
# |
# |
|a Trung tâm Học liệu Lê Vũ Hùng, Trường Đại học Đồng Tháp
|